| 000 | 00704cam a2200241 4500 | ||
|---|---|---|---|
| 008 | 090401t1991 xxu||||| |||| 00| 0 eng d | ||
| 020 | _a0117523704 | ||
| 035 | _a(Sirsi) u45788 | ||
| 041 | _aeng | ||
| 050 | _a549.66 | ||
| 110 |
_aUnited Kingdom _bDepartment of the Environment _9982 |
||
| 245 | _aAsbestos materials in buildings | ||
| 250 | _a3rd ed. | ||
| 260 |
_aLondon _bHMSO _c1991 |
||
| 300 | _a54p. : ill. 30cm. | ||
| 350 | _a7.95 | ||
| 650 | _aMANAGEMENT-HEALTH AND SAFETY-HAZARDOUS SUBSTANCES-ASBESTOS | ||
| 650 | _aBUILT ENVIRONMENT-BUILDING MATERIALS | ||
| 650 |
_aHEALTH AND SAFETY _96244 |
||
| 690 | _aBUILT ENVIRONMENT-BUILDING STANDARDS | ||
| 942 | _n0 | ||
| 948 | _c04/03/1997 | ||
| 999 |
_c91828 _d91828 |
||